00838nac a22002411u 4500010001700000020002800017082001500045090001500060100003400075245007100109250001200180260004100192300004900233500002700282504005100309511002800360650002100388700002600409700002600435942001700461999001500478952010300493 a 2001054653 a007246075X (alk. paper)00a304.2bFEL c6801d6801 aFellmann, Jerome Donal 10aHuman geography /cJerome D. Fellmann, Arthur Getis, Judith Getis. a7th ed. aBoston :bMcGraw-Hill,c2003.cc2003. axv, 576 p. :bcol. ill., col. maps ;c28 cm. aDistributer: Al-Ahram. aIncludes bibliographical references and index. aCatalogued By: Mahitab. 0aHuman geography.1 aGetis, Arthur,d1934-1 aGetis, Judith,d1938- cBBk304.2FEL c6801d6801 00104070aMAINbMAINc1STd2007-12-06ePurchasel0o304.2FELp000008002r2025-07-15 00:00:00yBB